Экология и охрана окружающей среды при химическом загрязнении: учебное пособие

Bibliographische Detailangaben
1. Verfasser: Садовникова Л. К. Людмила Константиновна
Weitere Verfasser: Орлов Д. С. Дмитрий Сергеевич, Лозановская И. Н. Ирина Николаевна
Zusammenfassung:В пособии освещены актуальные вопросы современного состояния окружающей среды. Обсуждены источники загрязнения, общие закономерности распределения загрязняющих веществ в биосфере. Рассмотрены важнейшие группы химических соединений и элементов, представляющих экологическую опасность, обсуждены пути их миграции, трансформации и аккумуляции в отдельных компонентах окружающей среды. Подробно изложены понятия о предельно допустимых концентрациях, приведены установленные нормативы. Для студентов химических, химико-технологических и биологических направлений и специальностей вузов.
Sprache:Russisch
Veröffentlicht: Москва, Высшая школа, 2008
Ausgabe:4-е изд., стер.
Schriftenreihe:Для высших учебных заведений
Охрана окружающей среды
Schlagworte:
Format: MixedMaterials Buch
KOHA link:https://koha.lib.tpu.ru/cgi-bin/koha/opac-detail.pl?biblionumber=143024

MARC

LEADER 00000nam0a2200000 4500
001 143024
005 20231031142943.0
010 |a 9785060060478 
035 |a (RuTPU)RU\TPU\book\154985 
090 |a 143024 
100 |a 20060626d2008 m y0rusy50 ca 
101 0 |a rus 
102 |a RU 
105 |a a j 001zy 
200 1 |a Экология и охрана окружающей среды при химическом загрязнении  |e учебное пособие  |f Л. К. Садовникова, Д. С. Орлов, И. Н. Лозановская 
205 |a 4-е изд., стер. 
210 |a Москва  |c Высшая школа  |d 2008 
215 |a 334 с.  |c ил. 
225 1 |a Для высших учебных заведений 
225 1 |a Охрана окружающей среды 
320 |a Библиогр.: с. 320-322. 
320 |a Краткий словарь терминов: с. 323-331. 
330 |a В пособии освещены актуальные вопросы современного состояния окружающей среды. Обсуждены источники загрязнения, общие закономерности распределения загрязняющих веществ в биосфере. Рассмотрены важнейшие группы химических соединений и элементов, представляющих экологическую опасность, обсуждены пути их миграции, трансформации и аккумуляции в отдельных компонентах окружающей среды. Подробно изложены понятия о предельно допустимых концентрациях, приведены установленные нормативы. Для студентов химических, химико-технологических и биологических направлений и специальностей вузов. 
451 1 |0 (RuTPU)RU\TPU\book\106184  |y 5-06-005558-2  |t Экология и охрана окружающей среды при химическом загрязнении  |o учебное пособие  |f Л. К. Садовникова, Д. С. Орлов, И. Н. Лозановская  |e 3-е изд., перераб.  |c М.  |n Высшая школа  |d 2006  |p 334 с.  |s Охрана окружающей среды  |a Садовникова, Людмила Константиновна 
610 1 |a биосфера 
610 1 |a экология 
610 1 |a окружающая среда 
610 1 |a химическое загрязнение 
610 1 |a химические загрязняющие вещества 
610 1 |a предельно-допустимые концентрации 
610 1 |a мониторинг 
610 1 |a природные объекты 
610 1 |a Россия 
610 1 |a галогены 
610 1 |a озон 
610 1 |a фреоны 
610 1 |a оксиды углерода 
610 1 |a оксиды углеводорода 
610 1 |a селен 
610 1 |a тяжелые металлы 
610 1 |a ароматические соединения 
610 1 |a нефть 
610 1 |a нефтепродукты 
610 1 |a детергенты 
610 1 |a пестициды 
610 1 |a радиоактивные отходы 
610 1 |a охрана 
675 |a 504.05(075.8)  |v 3 
700 1 |a Садовникова  |b Л. К.  |g Людмила Константиновна 
701 1 |a Орлов  |b Д. С.  |g Дмитрий Сергеевич 
701 1 |a Лозановская  |b И. Н.  |g Ирина Николаевна 
801 1 |a RU  |b 63413507  |c 20080915  |g PSBO 
801 2 |a RU  |b 63413507  |c 20171010  |g PSBO 
900 |a Экология 
900 |a Охрана окружающей среды 
942 |c BK 
952 |b 020100  |b 020101  |b 240100  |b 240900  |b 240901  |b 020200  |b 020201 
959 |a 80/20080915  |d 2  |e 0  |f АНЛ:1  |f ЧЗТЛ:1